LEADER 00893nam a2200253 i 4500 001 000000137167 003 CaOOAMICUS 005 20050407000000.0 008 050407s1997 it u000 u ita u 013 $a110904 020 $a88-06-14542-8 040 $aSeMil$bita 100 1 $aLoy, Rosetta.$0(OLS)http://semarc/name/55716 245 13$aLa parola ebreo /$cRosetta Loy. 260 $aTorino :$bEinaudi,$ccopyr. 1997. 300 $a156 p. ;$c19 cm. 490 0 $aGli struzzi ;$v487 830 4$aGli struzzi ;$v487.$0(OLS)http://semarc/title/6903 850 $aSeMil 852 $aSeMil$W1$xVenegono$y1$m1B II 369$j240073$B90730$CSeMilBibl$Z2$F95596 $81 961 $aOmaggio: Altro 996 $6020$a88-06-14542-8$9(OLS)http://semarc/number/124830 996 $6245$aLa parola ebreo$9(OLS)http://semarc/title/200420 996 $6260$aTorino :$bEinaudi$9(OLS)http://semarc/publisher/29884 LEADER 01179nam a2200241 i 4500 001 000000045252 003 CaOOAMICUS 005 20091021000000.0 008 091021s1965 be u000 u fre u 013 $a16422 040 $aSeMil$bita 245 10$aRepenser la mission :$brapports et compte rendu de la 35. semaine de missiologie, Louvain 1965. 260 $a[Bruges] :$bDesclée de Brouwer,$c1965$e(Louvain :$fImpr. M. & L. Symons,$g1965) 300 $a344 p. ;$c24 cm. 490 0 $aMuseum Lessianum. Section missiologique ;$v46 500 $aBibliographie générale, pp. 333-344. 650 4$aTeologia missionaria.$0(OLS)http://semarc/subject/5367 700 1 $aSemaine de missiologie <35. ; 1965 ; Louvain>.$0(OLS)http://semarc/name/22535 830 0$aMuseum Lessianum. Section missiologique ;$v46.$0(OLS)http://semarc/title/28888 850 $aSeMil 852 $aSeMil$W1$xVenegono$y1$m2B IV 240$j11407$B11407$CSeMilBibl$Z2$F11407 $81 996 $6245$aRepenser la mission :$brapports et compte rendu de la 35. semaine de missiologie, Louvain 1965$9(OLS)http://semarc/title/67230 996 $6260$a[Bruges] :$bDesclée de Brouwer$9(OLS)http://semarc/publisher/40270